Readings in science education
Gespeichert in:
| Hauptverfasser: | , |
|---|---|
| Format: | Buch |
| Sprache: | Englisch |
| Veröffentlicht: |
Londres
McGraw-Hill
1974
|
| Schriftenreihe: | Science Teacher Education Project
|
| Schlagworte: | |
| Tags: |
Tag hinzufügen
Keine Tags, Fügen Sie den ersten Tag hinzu!
|
MARC
| LEADER | 00000nam a2200000 a 4500 | ||
|---|---|---|---|
| 001 | UCT4957 | ||
| 003 | CL-VaPUC | ||
| 008 | 961127e19740000UK |||||||||||||||||eng|d | ||
| 082 | 0 | 4 | |a 507 |b JEN |2 21 |
| 100 | 0 | |a Jenkins, Edgar |e author |9 374237 | |
| 700 | 0 | |a Whitfield, Richard |e author |9 374238 | |
| 245 | 1 | 0 | |a Readings in science education |
| 300 | |a 130 p | ||
| 942 | |c BK | ||
| 945 | |d 19961127 00:00:00 |a paguirre | ||
| 260 | |a Londres |b McGraw-Hill |c 1974 | ||
| 650 | 0 | |a Ciencia |9 255691 | |
| 650 | 0 | |a Educación científica |9 307484 | |
| 650 | 0 | |a Métodos de enseñanza |9 270413 | |
| 650 | 7 | |a RELACION DOCENTE ALUMNO |2 CL-VaPUC |9 307734 | |
| 583 | |a last modification |c 20170822 01:40:00 |k Rodrigo Vera | ||
| 490 | 0 | |a Science Teacher Education Project | |
| 999 | |c 254036 |d 254034 | ||